art movements 2 - Statistics

General Stats
  • This quiz has been taken 24 times
  • The average score is 72 of 81
Answer Stats
Question Tile Select % Correct
Art Nouveau No
95%
Art Nouveau No
95%
Art Nouveau No
95%
Art Nouveau No
95%
Expressionism No
95%
Expressionism No
95%
Expressionism No
95%
Expressionism No
95%
Expressionism No
95%
Rococo No
95%
Rococo No
95%
Rococo No
95%
Rococo No
95%
Rococo No
95%
Dada No
95%
Dada No
95%
Dada No
95%
Dada No
95%
Dada No
95%
Neoclassicism No
95%
Neoclassicism No
95%
Neoclassicism No
95%
Neoclassicism No
95%
Neoclassicism No
95%
Neoclassicism No
95%
Fauvism No
95%
Fauvism No
95%
Fauvism No
95%
Fauvism No
95%
American Realism No
95%
American Realism No
95%
American Realism No
95%
American Realism No
95%
American Realism No
95%
American Realism No
95%
American Realism No
95%
Baroque No
90%
Baroque No
90%
Baroque No
90%
Baroque No
90%
Baroque No
90%
Art Nouveau No
90%
Art Nouveau No
90%
Art Nouveau No
90%
Expressionism No
90%
Rococo No
90%
Rococo No
90%
Dada No
90%
Dada No
90%
Dada No
90%
Neoclassicism No
90%
Neoclassicism No
90%
Fauvism No
90%
Fauvism No
90%
Fauvism No
90%
American Realism Yes
90%
American Realism No
90%
Baroque No
85%
Baroque No
85%
Art Nouveau No
85%
Expressionism No
85%
Rococo No
85%
Dada Yes
85%
Neoclassicism Yes
85%
Fauvism No
85%
De Stijl No
85%
De Stijl No
85%
De Stijl No
85%
Expressionism No
80%
De Stijl No
80%
De Stijl No
80%
De Stijl No
80%
De Stijl No
80%
Baroque No
75%
Art Nouveau Yes
75%
Rococo Yes
75%
De Stijl No
75%
Fauvism Yes
70%
Baroque Yes
65%
Expressionism Yes
65%
De Stijl Yes
55%
No matching quizzes found
Score Distribution
Percent of People with Each Score
Percentile by Number Answered
Your Score History
You have not taken this quiz